| 000 | 00000nam##2200000za#4500 |
| 001 | 9.699511 |
| 003 | CaOODSP |
| 005 | 20210625000420 |
| 007 | cr ||||||||||| |
| 008 | 150407|1988||||xxc|||||o f|0| 0 eng|d |
| 040 | |aCaOODSP|beng |
| 043 | |an-cn--- |
| 086 | 1 |aA15-1822/1988E-PDF |
| 110 | 1 |aCanada.|bAgriculture Canada.|bResearch Branch. |
| 245 | 10|aCanadian farm buildings handbook |h[electronic resource] |
| 260 | |bAgriculture Canada. |c1988. |
| 300 | |a164p.|bfigs., graphs, references, tables, index |
| 500 | |aHistorical publication digitized by Agriculture and Agri-Food Canada. |
| 590 | |a15-01-Supp|b2015-01-26 |
| 690 | 07|aConstruction|2gcpds |
| 690 | 07|aFarm buildings|2gcpds |
| 775 | 08|tLa ferme canadienne |w(CaOODSP)9.643461 |
| 856 | 40|ahttp://publications.gc.ca|qPDF|s11.5 MB|uhttps://publications.gc.ca/collections/collection_2014/aac-aafc/agrhist/A15-1822-1988-eng.pdf |
| 986 | |a1822E |